Report of the Committee of Ministers on Indegenous Plant and Equipment (Record no. 489980)

000 -LEADER
fixed length control field 00465cam a22001337a 4500
008 - FIXED-LENGTH DATA ELEMENTS--GENERAL INFORMATION
fixed length control field 180718b1972 xxu||||| |||| 00| 0 eng d
082 ## - DEWEY DECIMAL CLASSIFICATION NUMBER
Classification number V53x54 In2r
100 ## - MAIN ENTRY--PERSONAL NAME
Personal name India. Committee of Ministers on Indegenous Plant and Equipment
245 ## - TITLE STATEMENT
Title Report of the Committee of Ministers on Indegenous Plant and Equipment
260 ## - PUBLICATION, DISTRIBUTION, ETC.
Place of publication, distribution, etc. New Delhi
Name of publisher, distributor, etc. The author
Date of publication, distribution, etc. 1972
300 ## - PHYSICAL DESCRIPTION
Extent 216+p.
500 ## - GENERAL NOTE
General note Chairman: Narayan Datt Tiwari
700 ## - ADDED ENTRY--PERSONAL NAME
Personal name Tiwari, Narayan Datt (Chairman)
Holdings
Withdrawn status Lost status Damaged status Not for loan Permanent Location Current Location Date acquired Full call number Barcode Date last seen Price effective from Koha item type
        Indian Institute of Public Administration Indian Institute of Public Administration 2018-08-04 V53x54 In2r GG14364 2018-08-04 2018-08-04 GG
        Indian Institute of Public Administration Indian Institute of Public Administration 2018-08-04 V53x54 In2r GG13681 2018-08-04 2018-08-04 GG

Powered by Koha